000 00444nam a2200169Ia 4500
008 100507t2007 xxu||||| |||| 00| 0 sin d
041 _asin
080 _aX8S31
_bJAY
100 _aJayaneththi, Yasarathna
245 _aදෙදරා නොයාමට නමි
246 _aDedara Noyamata Nam
260 _bGodage
_aColombo
_c2007
300 _a376p., 21 cm
942 _cBK
999 _c72829
_d72829
003 LK-CoDNM
040 _aLK-CoDNM
_dLK-CoDNM
_eLK-CoDNM